000
003120000a22001330004500
041
0
_a
ENG
082
0
4
_a
G 922 M9688m
100
1
_a
Munroe, Florence
245
1
0
_a
For me to live / Florence Munroe
260
_a
Greenwood, IN., USA : Oriental Missionary Society
300
_a
87 Pag
001
11410
942
_c
BK
999
_c
40723
_d
40723